Institutional racism : the case of Hawai'i

Αποθηκεύτηκε σε:
Λεπτομέρειες βιβλιογραφικής εγγραφής
Κύριος συγγραφέας: Haas, Michael
Μορφή: Βιβλίο
Γλώσσα:English
Δημοσίευση: Westport : Praeger, 1992
Θέματα:
Ετικέτες: Προσθήκη ετικέτας
Δεν υπάρχουν, Καταχωρήστε ετικέτα πρώτοι!

MARC

LEADER 00000nam a2200000 i 4500
001 1/84586
008 990624s1992 eng d
020 |a 0-275-93559-0 
035 |l 10051638 
040 |a GR-MY-UA  |b gre  |e aacr 
041 0 |a eng 
082 0 |a 305.8009969 
100 1 |a Haas, Michael. 
245 1 0 |a Institutional racism :  |b the case of Hawai'i /  |c Michael Haas 
260 |a Westport :   |b Praeger,   |c 1992 
300 |a 367 p. 
650 0 0 |a Racism  |z Hawaii. 
651 0 |a Hawaii  |x Race relations. 
651 0 |a Hawaii  |x Ethnic relations. 
852 |a INST  |b RHODES  |e 19990624  |h 305.8009969 HAA  |p 005400014666  |q 005400014666  |t BK  |y 0 
901 |a BIBL4-1999-2 
909 |a Ρ  |b 066218  |c 1999 
922 |a 4ΕΛΗ  |b 199906  |c ΚΠΣ/154  |d LEADER 
970 |a ΚΟΥΛΙΑΚΙΩΤΗ  |b ΕΥΑΓΓΕΛΙΑ  |z 19990624